| 000 | 00685nam a2200253Ia 4500 | ||
|---|---|---|---|
| 001 | 17933 | ||
| 005 | 20240113235823.0 | ||
| 007 | ta | ||
| 008 | 060107s1988 g b000 u 465 u | ||
| 020 | _a81-7123-033-4 | ||
| 040 | _aCotton College,Assam | ||
| 041 | _a465 | ||
| 082 |
_a320.954 _bLa 149 Tr |
||
| 100 | _aLakshmi, Y. . | ||
| 245 | 0 |
_aTrends in India`s Defence Expenditure / _cY.Lakshmi. _hTextual Documents |
|
| 250 | _a1st ed. / | ||
| 260 |
_aNew Delhi : _bABC Publishin House , _c1988. |
||
| 300 |
_a229p. ; _c23cm. |
||
| 653 | _aDefence Expenditure-India | ||
| 653 | _aG-Political Science | ||
| 942 |
_2ddc _cBK |
||
| 999 |
_c17915 _d17915 |
||